Foundations of nursing in the community : (Record no. 19903)
[ view plain ]
| 000 -LEADER | |
|---|---|
| fixed length control field | 00927cam a22002775a 4500 |
| 001 - CONTROL NUMBER | |
| control field | 17782983 |
| 005 - DATE AND TIME OF LATEST TRANSACTION | |
| control field | 20151028115042.0 |
| 008 - FIXED-LENGTH DATA ELEMENTS--GENERAL INFORMATION | |
| fixed length control field | 130614t2014 moua frbd 001 0 eng d |
| 020 ## - INTERNATIONAL STANDARD BOOK NUMBER | |
| International Standard Book Number | 9780323100946 (pbk. : alk. paper) |
| 040 ## - CATALOGING SOURCE | |
| Original cataloging agency | DNLM/DLC |
| Transcribing agency | DLC |
| Modifying agency | DLC |
| -- | EG-ScBUE |
| Language of cataloging | eng |
| 082 04 - DEWEY DECIMAL CLASSIFICATION NUMBER | |
| Classification number | 610.7343 |
| Edition number | 22 |
| Item number | STA |
| 100 1# - MAIN ENTRY--PERSONAL NAME | |
| Personal name | Stanhope, Marcia. |
| 9 (RLIN) | 37665 |
| 245 10 - TITLE STATEMENT | |
| Title | Foundations of nursing in the community : |
| Remainder of title | community-oriented practice / |
| Statement of responsibility, etc | Marcia Stanhope, Jeanette Lancaster. |
| 250 ## - EDITION STATEMENT | |
| Edition statement | 4th ed. |
| 260 ## - PUBLICATION, DISTRIBUTION, ETC. (IMPRINT) | |
| Place of publication, distribution, etc | Missouri : |
| Name of publisher, distributor, etc | Elsevier, |
| Date of publication, distribution, etc | c.2014. |
| 300 ## - PHYSICAL DESCRIPTION | |
| Extent | xiii, 678 p. : |
| Other physical details | ill. ; |
| Dimensions | 28 cm. |
| 500 ## - GENERAL NOTE | |
| General note | Index : p. 652-678. |
| 500 ## - GENERAL NOTE | |
| General note | Glossary : p. 639-651. |
| 504 ## - BIBLIOGRAPHY, ETC. NOTE | |
| Bibliography, etc | Includes bibliographical references. |
| 650 #7 - SUBJECT ADDED ENTRY--TOPICAL TERM | |
| Topical term or geographic name as entry element | Community health nursing. |
| Source of heading or term | BUEsh |
| 9 (RLIN) | 4083 |
| 651 ## - SUBJECT ADDED ENTRY--GEOGRAPHIC NAME | |
| Source of heading or term | BUEsh |
| 653 ## - INDEX TERM--UNCONTROLLED | |
| Resource For college | Nursing |
| Arrived date list | October2015 |
| 700 1# - ADDED ENTRY--PERSONAL NAME | |
| Personal name | Lancaster, Jeanette, |
| 9 (RLIN) | 37666 |
| 730 0# - ADDED ENTRY--UNIFORM TITLE | |
| Uniform title | Public health nursing. |
| 9 (RLIN) | 37667 |
| 942 ## - ADDED ENTRY ELEMENTS (KOHA) | |
| Source of classification or shelving scheme | Dewey Decimal Classification |
| Withdrawn status | Lost status | Source of classification or shelving scheme | Damaged status | Not for loan | Koha collection | Home library | Current library | Shelving location | Date acquired | Source of acquisition | Cost, normal purchase price | Serial Enumeration / chronology | Total Checkouts | Total Renewals | Full call number | Barcode | Date last seen | Date last borrowed | Cost, replacement price | Koha item type |
|---|---|---|---|---|---|---|---|---|---|---|---|---|---|---|---|---|---|---|---|---|
| Dewey Decimal Classification | Alahram | Central Library | Central Library | First floor | 24/06/2015 | Purchase | 872.00 | 325 | 2 | 1 | 610.7343 STA | 000039103 | 15/07/2025 | 17/07/2023 | 1090.00 | Book - Borrowing |